<?xml version="1.0" encoding="UTF-8"?><?xml-stylesheet type="text/xsl" href="static/style.xsl"?><OAI-PMH xmlns="http://www.openarchives.org/OAI/2.0/" xmlns:xsi="http://www.w3.org/2001/XMLSchema-instance" xsi:schemaLocation="http://www.openarchives.org/OAI/2.0/ http://www.openarchives.org/OAI/2.0/OAI-PMH.xsd"><responseDate>2026-04-17T01:37:19Z</responseDate><request verb="GetRecord" identifier="oai:www.recercat.cat:20.500.12367/2722" metadataPrefix="marc">https://recercat.cat/oai/request</request><GetRecord><record><header><identifier>oai:recercat.cat:20.500.12367/2722</identifier><datestamp>2026-02-18T09:03:53Z</datestamp><setSpec>com_2072_484362</setSpec><setSpec>col_2072_484365</setSpec></header><metadata><record xmlns="http://www.loc.gov/MARC21/slim" xmlns:dcterms="http://purl.org/dc/terms/" xmlns:xsi="http://www.w3.org/2001/XMLSchema-instance" xmlns:doc="http://www.lyncode.com/xoai" xsi:schemaLocation="http://www.loc.gov/MARC21/slim http://www.loc.gov/standards/marcxml/schema/MARC21slim.xsd">
   <leader>00925njm 22002777a 4500</leader>
   <datafield ind2=" " ind1=" " tag="042">
      <subfield code="a">dc</subfield>
   </datafield>
   <datafield ind2=" " ind1=" " tag="720">
      <subfield code="a">Albarracin Oliva, Isaac</subfield>
      <subfield code="e">author</subfield>
   </datafield>
   <datafield ind2=" " ind1=" " tag="260">
      <subfield code="c">2024</subfield>
   </datafield>
   <datafield ind2=" " ind1=" " tag="520">
      <subfield code="a">Aquest Treball Final de Grau mostra una anàlisi musical de l’evolució de les bandes sonores al &#xd;
cinema d’animació de Disney. Per fer-ho s’ha utilitzat una cue list detallada de la Blancaneu, &#xd;
Aladdin i Moana amb l’objectiu d’investigar l’evolució dels recursos musicals. Es posa en &#xd;
evidència que l’èxit d'una banda sonora es relaciona amb la capacitat del compositor de &#xd;
connectar amb els estils musicals actuals, de treballar-la d’acord amb les emocions dels &#xd;
personatges i en un context cultural determinat per poder donar resposta a les necessitats i els &#xd;
canvis socials globals del present.</subfield>
   </datafield>
   <datafield ind1="8" ind2=" " tag="024">
      <subfield code="a">https://hdl.handle.net/20.500.12367/2722</subfield>
   </datafield>
   <datafield tag="653" ind2=" " ind1=" ">
      <subfield code="a">Clixés musicals, Disney, banda sonora</subfield>
   </datafield>
   <datafield ind2="0" ind1="0" tag="245">
      <subfield code="a">L’evolució de la música al cinema d’animació de Disney</subfield>
   </datafield>
</record></metadata></record></GetRecord></OAI-PMH>